[Event "BayJEM19 - U12w"]
[Site "?"]
[Date "2019.04.24"]
[Round "4.6"]
[White "Reifschneider, Milena"]
[Black "Loos, Violeta"]
[Result "0-1"]
[WhiteElo "961"]
[BlackElo "1111"]
[PlyCount "58"]
[EventDate "2019.??.??"]
[WhiteTeam "TSV Bindlach Aktionär"]
[BlackTeam "Post Regensburg"]

1. e4 e5 2. Nf3 Nf6 3. Nc3 Nc6 4. Bc4 Nxe4 5. Nxe4 d5 6. Bxd5 Qxd5 7. Nc3 Qd8
8. O-O Be7 9. d3 O-O 10. Be3 Bg4 11. Ne4 h6 12. h3 Bh5 13. Bc5 Bxc5 14. Nxc5 b6
15. Ne4 Nd4 16. Ned2 Re8 17. c3 Nxf3+ 18. Nxf3 Re7 19. Re1 f6 20. d4 e4 21.
Qb3+ Bf7 22. Qd1 Bh5 23. Qb3+ Bf7 24. Qd1 exf3 25. Qxf3 Bd5 26. Qf4 Qe8 27.
Red1 Qg6 28. f3 Re2 29. Rd2 Qxg2# 0-1

[Event "BayJEM19 - U12w"]
[Site "?"]
[Date "2019.04.24"]
[Round "4.7"]
[White "Leykauf, Anna"]
[Black "Winkler, Sarah"]
[Result "0-1"]
[WhiteElo "1105"]
[BlackElo "1264"]
[PlyCount "170"]
[EventDate "2019.??.??"]
[WhiteTeam "TSV Bindlach Aktionär"]
[BlackTeam "SK Neuburg"]

1. d4 Nf6 2. Bg5 e6 3. Nf3 d5 4. Nc3 Bb4 5. a3 Bxc3+ 6. bxc3 O-O 7. e3 b6 8. c4
Re8 9. cxd5 exd5 10. Bd3 Bb7 11. O-O h6 12. Bxf6 Qxf6 13. c3 Qd6 14. Qa4 Bc6
15. Qb4 Qe7 16. Qxe7 Rxe7 17. Ne5 Bb7 18. a4 a5 19. c4 Nd7 20. f4 f6 21. Nxd7
Rxd7 22. cxd5 Bxd5 23. e4 Bb7 24. Bc4+ Kh7 25. Rfd1 Rad8 26. d5 c6 27. Rab1
cxd5 28. exd5 Bxd5 29. Bxd5 Rxd5 30. Rxd5 Rxd5 31. g3 Rd6 32. Kf1 Kg8 33. Kg1
Kf7 34. f5 Ke7 35. Rc1 Kd7 36. Kh1 Rc6 37. Rd1+ Kc7 38. Rb1 Kb7 39. Ra1 Ka6 40.
Rb1 Rc4 41. Ra1 Rb4 42. h4 b5 43. axb5+ Rxb5 44. Kg2 Rxf5 45. g4 Rf4 46. Kg3
Rb4 47. h5 a4 48. Kf3 Kb5 49. Ke2 Rd4 50. Ke3 Rxg4 51. Kd3 f5 52. Ke3 Rc4 53.
Ra2 Kb4 54. Kd3 Rc6 55. Ra1 Kb3 56. Kd2 a3 57. Rb1+ Ka4 58. Rb7 a2 59. Rxg7 Ka5
60. Rg1 Kb4 61. Ke3 Rc2 62. Kf4 Rb2 63. Ra1 Ka3 64. Kxf5 Rb1 65. Rxa2+ Kxa2 66.
Kg6 Rb6+ 67. Kf5 Kb3 68. Kg4 Rf6 69. Kh4 Kc4 70. Kg3 Kd4 71. Kh4 Ke4 72. Kg4
Rf8 73. Kg3 Ke5 74. Kh4 Rg8 75. Kh3 Rg5 76. Kh4 Kf4 77. Kh3 Rxh5+ 78. Kg2 Re5
79. Kf2 h5 80. Kg2 h4 81. Kf2 Kg4 82. Kg1 Rf5 83. Kg2 h3+ 84. Kg1 Kg3 85. Kh1
Rf1# 0-1

[Event "BayJEM19 - U12w"]
[Site "?"]
[Date "2019.04.24"]
[Round "4.8"]
[White "Köppel, Clementine"]
[Black "Neidert, Anna-Maria"]
[Result "1-0"]
[WhiteElo "962"]
[BlackElo "943"]
[PlyCount "97"]
[EventDate "2019.??.??"]
[WhiteTeam "ATSV Oberkotzau"]
[BlackTeam "TV-Großostheim"]

1. e4 e5 2. Nf3 Nc6 3. d4 Bd6 4. d5 Nce7 5. Bc4 Nf6 6. Nc3 b6 7. Bg5 Bb7 8.
Bxf6 gxf6 9. O-O c6 10. Qd2 b5 11. Bb3 Ba6 12. dxc6 dxc6 13. Rad1 Nc8 14. Qh6
Qd7 15. Qxf6 Rf8 16. Nxe5 Qc7 17. Nf3 c5 18. Nd5 Qd7 19. a3 c4 20. Ba2 Rg8 21.
e5 Qh3 22. g3 Bb7 23. exd6 Bxd5 24. Rxd5 a6 25. d7+ Qxd7 26. Rxd7 Kxd7 27. Rd1+
Kc7 28. Qxf7+ Kb8 29. Qxg8 h5 30. Rd8 Ka7 31. Rxc8 Rxc8 32. Qxc8 Kb6 33. b3 b4
34. bxc4 bxa3 35. Qf5 h4 36. c5+ Kc6 37. Nxh4 a5 38. Kg2 a4 39. Kf3 Kc7 40. Ke4
Kc6 41. Kd4 Kc7 42. Qf6 Kb7 43. c6+ Kc7 44. Kc5 Kb8 45. c7+ Kc8 46. Qe6+ Kxc7
47. Qe7+ Kc8 48. Kb6 Kb8 49. Qb7# 1-0

[Event "BayJEM19 - U12w"]
[Site "?"]
[Date "2019.04.25"]
[Round "5.1"]
[White "Ding, Tina"]
[Black "Prinzen, Siri Marleen"]
[Result "0-1"]
[WhiteElo "1157"]
[BlackElo "1453"]
[PlyCount "80"]
[EventDate "2019.??.??"]
[WhiteTeam "SC Kempten"]
[BlackTeam "SK Tarrasch München"]

1. d4 d5 2. Nf3 Nf6 3. g3 c5 4. dxc5 Nc6 5. Bf4 e6 6. Bg2 Bxc5 7. O-O O-O 8.
Re1 Qb6 9. e3 Qxb2 10. Nbd2 Qb6 11. Nb3 Bb4 12. Rf1 Ne4 13. Qd3 Bc3 14. Rab1
Nb4 15. Qd1 Bf6 16. Qe1 Nc3 17. Ra1 Nxc2 18. Qd2 Nxa1 19. Nxa1 Nb1 20. Qd3 Nc3
21. a3 Ne4 22. Rc1 Bxa1 23. Rxa1 Qb2 24. Rf1 Qc3 25. Qb1 b6 26. Be5 Qxa3 27.
Nh4 Nd2 28. Qd1 Nxf1 29. Qg4 f6 30. Bf4 e5 31. Bh6 Bxg4 32. Bxd5+ Kh8 33. Bxg7+
Kxg7 34. Bxa8 Qc1 35. Kg2 Nd2 36. h3 Qf1+ 37. Kh2 Qxf2+ 38. Bg2 Nf3+ 39. Nxf3
Bxf3 40. h4 Qxg2# 0-1

[Event "BayJEM19 - U12w"]
[Site "?"]
[Date "2019.04.25"]
[Round "5.2"]
[White "Burdett, Sabah"]
[Black "Loos, Violeta"]
[Result "0-1"]
[WhiteElo "952"]
[BlackElo "1111"]
[PlyCount "60"]
[EventDate "2019.??.??"]
[WhiteTeam "TV Tegernsee"]
[BlackTeam "Post Regensburg"]

1. e4 e5 2. Nf3 Nf6 3. Nxe5 d6 4. Nf3 Nxe4 5. Bd3 d5 6. O-O Be7 7. Re1 Bf5 8.
Bxe4 Bxe4 9. d3 Bf5 10. Nc3 O-O 11. Bf4 Re8 12. Re5 Be6 13. d4 Nc6 14. Re3 Rc8
15. Qe2 Qd7 16. Re1 h6 17. Ne5 Nxe5 18. Rxe5 Bd6 19. Nb5 Bxe5 20. Bxe5 a6 21.
Nc3 Bg4 22. Qd2 f6 23. Bf4 Qf5 24. Rxe8+ Rxe8 25. Bxc7 Qg5 26. Bf4 Qxf4 27. Nb1
Qxd2 28. Nxd2 Re1+ 29. Nf1 Be2 30. f3 Rxf1# 0-1

[Event "BayJEM19 - U12w"]
[Site "?"]
[Date "2019.04.25"]
[Round "5.3"]
[White "Kallipke, Felizitas Birgit"]
[Black "Zeisler, Sarah"]
[Result "1-0"]
[WhiteElo "952"]
[BlackElo "972"]
[PlyCount "87"]
[EventDate "2019.??.??"]
[WhiteTeam "SC Uttenreuth"]
[BlackTeam "SGem Fürth"]

1. e4 e5 2. Nf3 Nc6 3. Nc3 Nf6 4. Bc4 d6 5. h3 g6 6. O-O Bg7 7. d3 O-O 8. Bg5
a6 9. Nd5 b5 10. Bb3 Na5 11. c3 c6 12. Nxf6+ Bxf6 13. Bd2 Nb7 14. d4 c5 15.
dxe5 Bxe5 16. Nxe5 dxe5 17. Bd5 Rb8 18. Bc6 Qf6 19. Bd5 Nd6 20. Qc1 Be6 21. Bh6
Rfd8 22. Bg5 Qg7 23. Bxd8 Rxd8 24. Bxe6 fxe6 25. Qg5 Rf8 26. Qg4 Rf6 27. Rad1
Nf7 28. Rd7 a5 29. Rb7 b4 30. Rb8+ Nd8 31. Rxd8+ Rf8 32. Rxf8+ Qxf8 33. Qxe6+
Kh8 34. Qxe5+ Kg8 35. Rd1 bxc3 36. bxc3 a4 37. Qc7 Qf7 38. Rd7 Qf8 39. Rd8 Qxd8
40. Qxd8+ Kg7 41. e5 Kf7 42. Qd7+ Kf8 43. e6 h5 44. Qf7# 1-0

[Event "BayJEM19 - U12w"]
[Site "?"]
[Date "2019.04.25"]
[Round "5.4"]
[White "Winkler, Sarah"]
[Black "Reich, Elisabeth"]
[Result "1-0"]
[WhiteElo "1264"]
[BlackElo "1206"]
[PlyCount "161"]
[EventDate "2019.??.??"]
[WhiteTeam "SK Neuburg"]
[BlackTeam "ATSV Oberkotzau"]

1. e4 c5 2. c3 d6 3. d4 cxd4 4. cxd4 Nd7 5. Nf3 Ngf6 6. Nc3 g6 7. Bd3 Bg7 8.
O-O O-O 9. Be3 a6 10. Qd2 Re8 11. Bh6 Bh8 12. h3 Nb8 13. Bc4 Nc6 14. Rad1 Qc7
15. Qf4 Na5 16. Bd3 Nc6 17. Bc2 Bg7 18. Rfe1 Rf8 19. Qg5 Qb6 20. Bxg7 Kxg7 21.
b3 Qa5 22. Qxa5 Nxa5 23. e5 dxe5 24. dxe5 Nd7 25. Nh2 e6 26. f4 Nc6 27. Nf3 Nb4
28. Bb1 Nc6 29. Nd4 Nxd4 30. Rxd4 Ra7 31. Ne4 b6 32. Red1 Nc5 33. Nxc5 bxc5 34.
Rc4 Rc7 35. Be4 f5 36. Bf3 Bd7 37. Rdc1 Rfc8 38. b4 Bb5 39. Rxc5 Rxc5 40. Rxc5
Rxc5 41. bxc5 Kf8 42. Kf2 Ke7 43. Ke3 Kd7 44. Kd4 Kc7 45. Kc3 Kd8 46. Kb4 Kc7
47. a4 Bf1 48. c6 Bd3 49. g3 Bf1 50. h4 Bd3 51. Kc5 Bc2 52. a5 Bd3 53. Bd1 Bb5
54. Bf3 Bd3 55. Bd1 Be4 56. Bb3 Bxc6 57. Bxe6 Be8 58. g4 fxg4 59. Bxg4 h6 60.
f5 gxf5 61. Bxf5 h5 62. Bd3 Kb7 63. e6 Ka7 64. Be4 Bb5 65. e7 Kb8 66. Bg6 Kc7
67. e8=Q Bxe8 68. Bxe8 Kb7 69. Bxh5 Kc8 70. Be2 Kb7 71. Bxa6+ Kxa6 72. h5 Kxa5
73. h6 Ka4 74. h7 Kb3 75. h8=Q Kc2 76. Qh2+ Kc1 77. Qf2 Kd1 78. Kd4 Kc1 79. Kd3
Kb1 80. Kc3 Ka1 81. Qb2# 1-0

[Event "BayJEM19 - U12w"]
[Site "?"]
[Date "2019.04.25"]
[Round "5.5"]
[White "Anaparthi, Aditi"]
[Black "Muhina, Alina"]
[Result "0-1"]
[WhiteElo "909"]
[BlackElo "1114"]
[PlyCount "46"]
[EventDate "2019.??.??"]
[WhiteTeam "SC Garching"]
[BlackTeam "SC Garching"]

1. e4 c6 2. Nc3 d5 3. exd5 cxd5 4. d4 Nc6 5. Nf3 Bg4 6. h3 Bxf3 7. Qxf3 Nxd4 8.
Qd3 e5 9. Qe3 Nxc2+ 10. Ke2 Nxe3 11. Bxe3 d4 12. Bd2 dxc3 13. Bxc3 Qd5 14. f3
Rd8 15. Kf2 Nf6 16. a4 e4 17. Bb5+ Nd7 18. Rhe1 Bc5+ 19. Kf1 O-O 20. fxe4 Qg5
21. Rad1 Qf4+ 22. Ke2 Qe3+ 23. Kf1 Qf2# 0-1

[Event "BayJEM19 - U12w"]
[Site "?"]
[Date "2019.04.25"]
[Round "5.6"]
[White "Heinze, Vanessa"]
[Black "Köppel, Clementine"]
[Result "1/2-1/2"]
[WhiteElo "1002"]
[BlackElo "962"]
[PlyCount "118"]
[EventDate "2019.??.??"]
[WhiteTeam "SC Ammersee"]
[BlackTeam "ATSV Oberkotzau"]

1. d4 d5 2. c4 dxc4 3. e3 Nf6 4. Bxc4 Bg4 5. Ne2 e6 6. Bd2 Nc6 7. a3 Bd6 8.
Nbc3 O-O 9. O-O e5 10. Qc2 Bxe2 11. Nxe2 exd4 12. Nxd4 Nxd4 13. exd4 Qd7 14.
Bc3 Qg4 15. Qd2 Qh4 16. h3 Ne4 17. Qe3 Nxc3 18. bxc3 Rae8 19. Qf3 h6 20. a4 c5
21. dxc5 Bxc5 22. Bb3 b6 23. Rfe1 Rxe1+ 24. Rxe1 Qd8 25. Re4 Bd6 26. Qf5 Qf6
27. Qxf6 gxf6 28. Rg4+ Kh7 29. Bc2+ Kh8 30. Rh4 Re8 31. g3 Kg7 32. Rd4 Bc5 33.
Rd2 Re1+ 34. Kg2 Rc1 35. Be4 Rxc3 36. h4 Rc4 37. Bc2 Bb4 38. Bb3 Bxd2 39. Bxc4
a5 40. Kf3 Kg6 41. Kg4 h5+ 42. Kf3 f5 43. Ke2 Bc1 44. f3 Kf6 45. Kd3 Ke5 46.
Ke2 f6 47. Bf7 f4 48. g4 f5 49. gxh5 Kf6 50. Bg6 Ke5 51. h6 Kd5 52. h7 Bb2 53.
Bxf5 Kc5 54. Kd3 Kb4 55. Bd7 Kc5 56. Bb5 Kd5 57. h5 Ba1 58. h6 Bb2 59. Ke2 Bh8
1/2-1/2

[Event "BayJEM19 - U12w"]
[Site "?"]
[Date "2019.04.25"]
[Round "5.8"]
[White "Kohlhepp, Natalie"]
[Black "Leykauf, Anna"]
[Result "0-1"]
[WhiteElo "956"]
[BlackElo "1105"]
[PlyCount "106"]
[EventDate "2019.??.??"]
[WhiteTeam "Spvgg Stetten"]
[BlackTeam "TSV Bindlach Aktionär"]

1. e4 e5 2. Nf3 Nc6 3. Bc4 Nf6 4. d3 d5 5. exd5 Nxd5 6. Bxd5 Qxd5 7. Nc3 Qd8 8.
O-O Bg4 9. Re1 Bd6 10. d4 Qf6 11. Re3 O-O-O 12. dxe5 Nxe5 13. Ne4 Bc5 14. Bd2
Qb6 15. Qe2 Bxe3 16. Bxe3 Qg6 17. Nxe5 Bxe2 18. Nxg6 hxg6 19. Re1 Rd1 20. Rxd1
Bxd1 21. c3 Rd8 22. f3 Rd3 23. Bd4 Ba4 24. Nf2 Rd2 25. b3 Bc6 26. a4 Rb2 27. b4
Bxa4 28. Bxg7 Rb1+ 29. Nd1 Rxd1+ 30. Kf2 Rd2+ 31. Kg3 Kd7 32. Bh6 Rc2 33. Bg7
Ke6 34. Kh3 f6 35. g4 Rxc3 36. Kg3 Rd3 37. h4 Bc6 38. h5 Kf7 39. Bh6 g5 40. Kf2
Rxf3+ 41. Ke2 Rf4 42. Bxg5 fxg5 43. h6 Rxg4 44. h7 Kg7 45. b5 Bxb5+ 46. Kf3
Rf4+ 47. Kg3 Kxh7 48. Kh2 Kh6 49. Kh1 Kh5 50. Kg1 Kh4 51. Kh2 Rf2+ 52. Kg1 Kg3
53. Kh1 Rf1# 0-1

[Event "BayJEM19 - U12w"]
[Site "?"]
[Date "2019.04.25"]
[Round "6.1"]
[White "Loos, Violeta"]
[Black "Prinzen, Siri Marleen"]
[Result "0-1"]
[WhiteElo "1111"]
[BlackElo "1453"]
[PlyCount "88"]
[EventDate "2019.??.??"]
[WhiteTeam "Post Regensburg"]
[BlackTeam "SK Tarrasch München"]

1. e4 c6 2. d4 d5 3. exd5 cxd5 4. Nc3 Nf6 5. Nf3 Bf5 6. Bb5+ Nbd7 7. Bf4 e6 8.
a3 Be7 9. O-O O-O 10. h3 a6 11. Ba4 b5 12. Bb3 Nb6 13. Nh4 Ne4 14. Nxf5 exf5
15. Re1 Bd6 16. Be3 Nxc3 17. bxc3 Rc8 18. Qd3 Qf6 19. Rad1 Nc4 20. a4 Nb2 21.
Qd2 Nxd1 22. Rxd1 f4 23. Bxf4 Qxf4 24. Qxf4 Bxf4 25. axb5 axb5 26. Bxd5 Rxc3
27. Be4 Rd8 28. d5 g6 29. Rd4 Ra8 30. g3 Bd6 31. Rd1 Ra4 32. Re1 Rd4 33. Kg2 f5
34. Bf3 Rxc2 35. Re8+ Kf7 36. Ra8 Rdd2 37. Ra5 Rxf2+ 38. Kg1 Rfd2 39. Ra1 Bc5+
40. Kf1 Rf2+ 41. Ke1 Bb4+ 42. Kd1 Rcd2+ 43. Kc1 Rf1+ 44. Bd1 Rfxd1# 0-1

[Event "BayJEM19 - U12w"]
[Site "?"]
[Date "2019.04.25"]
[Round "6.3"]
[White "Muhina, Alina"]
[Black "Winkler, Sarah"]
[Result "0-1"]
[WhiteElo "1114"]
[BlackElo "1264"]
[PlyCount "98"]
[EventDate "2019.??.??"]
[WhiteTeam "SC Garching"]
[BlackTeam "SK Neuburg"]

1. e4 e5 2. Nf3 Nc6 3. d4 exd4 4. Nxd4 Bb4+ 5. c3 Bc5 6. Nxc6 bxc6 7. Bd3 Nf6
8. Bg5 Qe7 9. O-O O-O 10. Re1 Qe5 11. Bxf6 Qxf6 12. Rf1 d6 13. Qh5 g6 14. Qh6
Rb8 15. Qd2 d5 16. b4 Bd6 17. Na3 Re8 18. Nc2 Bd7 19. Ne3 dxe4 20. Bc4 Qe5 21.
g3 Bh3 22. Rfe1 Rbd8 23. Be2 Bxb4 24. Nc4 Qf6 25. Qxd8 Rxd8 26. cxb4 Qc3 27. a3
Qf6 28. Rac1 Rd6 29. Nxd6 Qxd6 30. Rc2 Qd5 31. Rd1 Qb3 32. Rxc6 Qxa3 33. Rxc7
Qxb4 34. Rxa7 Qb6 35. Ra8+ Kg7 36. Re8 Qc6 37. Red8 Qc2 38. R8d2 Qc6 39. Rd5
Qf6 40. Bf1 Bg4 41. R1d4 Qf3 42. Bg2 Qe2 43. Bf1 Qe1 44. Rd8 Be2 45. Rd1 Bxd1
46. h4 Be2 47. Kh2 Qxf1 48. f3 Bxf3 49. Rd2 Qh1# 0-1

[Event "BayJEM19 - U12w"]
[Site "?"]
[Date "2019.04.25"]
[Round "6.4"]
[White "Burdett, Sabah"]
[Black "Ding, Tina"]
[Result "0-1"]
[WhiteElo "952"]
[BlackElo "1157"]
[PlyCount "88"]
[EventDate "2019.??.??"]
[WhiteTeam "TV Tegernsee"]
[BlackTeam "SC Kempten"]

1. e4 c5 2. Nf3 Nc6 3. d4 cxd4 4. Nxd4 d5 5. Nc3 g6 6. Be3 e6 7. Bb5 Bd7 8.
exd5 exd5 9. Nxd5 Bg7 10. Qe2 Nge7 11. Bxc6 Bxc6 12. Nxe7 Qxe7 13. Bg5 Qxe2+
14. Nxe2 Bxg2 15. Rg1 Bf3 16. Nd4 Bxd4 17. c3 Be5 18. h4 Bh2 19. Kf1 Bxg1 20.
Re1+ Kf8 21. Be7+ Kg7 22. Kxg1 Rhe8 23. Kh2 f5 24. Kg3 Bd5 25. Re5 Bxa2 26. Kf3
Kf7 27. Bd6 Rxe5 28. Bxe5 Bd5+ 29. Kf4 Ke7 30. Kg5 Bg8 31. Z0 Rc8 32. Kh6 Rc5
33. Bd4 Rb5 34. b4 a5 35. Bc5+ Ke6 36. c4 Rxb4 37. Bxb4 axb4 38. Kg7 Bf7 39.
Kxh7 b3 40. Kh6 Kf6 41. c5 b2 42. Kh7 b1=Q 43. Kh6 Qh1 44. Kh7 Qxh4# 0-1

[Event "BayJEM19 - U12w"]
[Site "?"]
[Date "2019.04.25"]
[Round "6.5"]
[White "Reich, Elisabeth"]
[Black "Köppel, Clementine"]
[Result "1-0"]
[WhiteElo "1206"]
[BlackElo "962"]
[PlyCount "125"]
[EventDate "2019.??.??"]
[WhiteTeam "ATSV Oberkotzau"]
[BlackTeam "ATSV Oberkotzau"]

1. Nf3 Nc6 2. g3 e5 3. d3 Bb4+ 4. c3 Bc5 5. Bg2 d6 6. O-O Bg4 7. Nbd2 Nf6 8. h3
Bxf3 9. Nxf3 O-O 10. Qb3 b6 11. Qd1 Qe7 12. Bg5 h6 13. Bd2 e4 14. dxe4 Nxe4 15.
Qc2 Nxd2 16. Qxd2 Rae8 17. e3 Ne5 18. b4 Nxf3+ 19. Bxf3 Bxe3 20. fxe3 Qe5 21.
Kg2 Qxe3 22. Qxe3 Rxe3 23. Rac1 c5 24. Rce1 Rxe1 25. Rxe1 cxb4 26. cxb4 Rd8 27.
Re7 a5 28. bxa5 bxa5 29. Ra7 Rc8 30. Rxa5 Kh7 31. Ra7 Kg6 32. Ra6 Rd8 33. a4
Kf5 34. Ra5+ Kf6 35. Rd5 Ke6 36. a5 Ra8 37. Rxd6+ Kxd6 38. Bxa8 Kc7 39. a6 Kb8
40. Bb7 Ka7 41. Kf3 g6 42. Kf4 f6 43. h4 f5 44. h5 gxh5 45. Kxf5 Kb8 46. Kg6 h4
47. gxh4 h5 48. Kxh5 Ka7 49. Kg6 Kb8 50. h5 Ka7 51. h6 Kb8 52. h7 Ka7 53. h8=Q
Kb6 54. Kf5 Ka7 55. Qa8+ Kb6 56. Qb8 Kc5 57. a7 Kc4 58. a8=R Kb5 59. Be4+ Kc4
60. Qd8 Kb4 61. Qc7 Kb3 62. Rb8+ Ka3 63. Qa7# 1-0

[Event "BayJEM19 - U12w"]
[Site "?"]
[Date "2019.04.25"]
[Round "6.6"]
[White "Zeisler, Sarah"]
[Black "Heinze, Vanessa"]
[Result "0-1"]
[WhiteElo "972"]
[BlackElo "1002"]
[PlyCount "94"]
[EventDate "2019.??.??"]
[WhiteTeam "SGem Fürth"]
[BlackTeam "SC Ammersee"]

1. e4 e5 2. Nf3 Nc6 3. Bc4 Bc5 4. d3 h6 5. O-O d6 6. h3 Be6 7. Nc3 Bxc4 8. dxc4
Nf6 9. b3 Qd7 10. Re1 O-O 11. Nh4 Nd4 12. Ne2 Nxe4 13. Bb2 Nxe2+ 14. Rxe2 Nf6
15. Bxe5 dxe5 16. Rxe5 Bd4 17. Rb1 Bxe5 18. Nf3 Qxd1+ 19. Rxd1 Bd6 20. c3 Rfe8
21. b4 b6 22. a4 Re2 23. Nd4 Re5 24. Nc6 Re4 25. c5 bxc5 26. bxc5 Bxc5 27. a5
Bd6 28. g3 Rc4 29. Nd4 Rxc3 30. Nb5 Rc6 31. Nxc7 Bxc7 32. a6 Rxa6 33. Kg2 Rd6
34. Rc1 Bb6 35. Rc2 Rad8 36. Rc3 Rd2 37. Rf3 Ne4 38. Kf1 Rxf2+ 39. Rxf2 Bxf2
40. g4 a5 41. Kg2 a4 42. Kf3 a3 43. Kxe4 a2 44. Kf3 a1=Q 45. Kxf2 Qa3 46. Kg2
Rd2+ 47. Kf1 Qc1# 0-1

[Event "BayJEM19 - U12w"]
[Site "?"]
[Date "2019.04.25"]
[Round "6.7"]
[White "Leykauf, Anna"]
[Black "Neidert, Anna-Maria"]
[Result "0-1"]
[WhiteElo "1105"]
[BlackElo "943"]
[PlyCount "48"]
[EventDate "2019.??.??"]
[WhiteTeam "TSV Bindlach Aktionär"]
[BlackTeam "TV-Großostheim"]

1. d4 d5 2. c4 e6 3. Nc3 Nf6 4. Bg5 Be7 5. Nf3 Nc6 6. Bxf6 Bxf6 7. e4 Qe7 8. e5
Bg5 9. cxd5 exd5 10. Nxd5 Qd8 11. Nc3 Bg4 12. Bb5 O-O 13. Bxc6 bxc6 14. d5 Rb8
15. dxc6 Rxb2 16. Qxd8 Rxd8 17. Nxg5 h6 18. Nge4 Rd3 19. O-O Bf5 20. Rad1 Bxe4
21. Nxe4 Rxd1 22. Rxd1 Rxa2 23. Rd7 Ra1+ 24. Rd1 Rxd1# 0-1

[Event "BayJEM19 - U12w"]
[Site "?"]
[Date "2019.04.25"]
[Round "6.8"]
[White "Kohlhepp, Natalie"]
[Black "Anaparthi, Aditi"]
[Result "1-0"]
[WhiteElo "956"]
[BlackElo "909"]
[PlyCount "175"]
[EventDate "2019.??.??"]
[WhiteTeam "Spvgg Stetten"]
[BlackTeam "SC Garching"]

1. e4 e5 2. Nf3 Nc6 3. Bc4 Nf6 4. d3 Bc5 5. c3 d6 6. O-O O-O 7. Re1 Ng4 8. d4
exd4 9. cxd4 Bb4 10. Nbd2 Nxd4 11. Nxd4 Bc5 12. N2f3 Bb4 13. Bd2 Bc5 14. Bc3 c6
15. Re2 b5 16. Bb3 b4 17. Bd2 Ba6 18. Re1 Qf6 19. Be3 h6 20. h3 Nxe3 21. Rxe3
Bb6 22. Rb1 c5 23. Ne2 c4 24. Bc2 Bxe3 25. fxe3 Rad8 26. b3 d5 27. exd5 cxb3
28. Rxb3 Bc4 29. Rxb4 Bxd5 30. Qd3 g6 31. Kf2 Bxf3 32. Qc3 Rd6 33. Qxf6 Rxf6
34. gxf3 Rd8 35. Ra4 a6 36. Bb3 Rfd6 37. Bc4 Rc8 38. Rxa6 Rd2 39. Ke1 Rcd8 40.
Ra7 Rd1+ 41. Kf2 Kf8 42. Rxf7+ Ke8 43. Rf6 Rc8 44. Bb5+ Ke7 45. Rxg6 Rb8 46.
Bc4 Rb2 47. Rg7+ Kf6 48. Rf7+ Kg6 49. a4 Rbb1 50. Nf4+ Kg5 51. Ne6+ Kh4 52.
Rf4+ Kxh3 53. e4 Rb2+ 54. Be2 Rdd2 55. Ke3 Rxe2+ 56. Kd4 Re1 57. Rf6 Rb4+ 58.
Ke5 Rxa4 59. Rxh6+ Kg3 60. Ng5 Rb1 61. Rh3+ Kf2 62. f4 Rb5+ 63. Kf6 Ra6+ 64.
Ne6 Kg2 65. Rh8 Kf3 66. e5 Ke4 67. f5 Rxe5 68. Rh5 Raxe6+ 69. fxe6 Rxh5 70. Kf7
Ke5 71. e7 Rh7+ 72. Kf8 Ke6 73. e8=Q+ Re7 74. Qxe7+ Kf5 75. Qd6 Kg4 76. Qe5 Kh3
77. Qf4 Kg2 78. Qe3 Kh1 79. Kf7 Kg2 80. Kf6 Kh1 81. Kf5 Kg2 82. Kf4 Kh1 83.
Qf3+ Kh2 84. Ke3 Kg1 85. Ke2 Kh2 86. Qg4 Kh1 87. Kf2 Kh2 88. Qg2# 1-0

[Event "BayJEM19 - U12w"]
[Site "?"]
[Date "2019.04.26"]
[Round "7.1"]
[White "Prinzen, Siri Marleen"]
[Black "Winkler, Sarah"]
[Result "1-0"]
[WhiteElo "1453"]
[BlackElo "1264"]
[PlyCount "137"]
[EventDate "2019.??.??"]
[WhiteTeam "SK Tarrasch München"]
[BlackTeam "SK Neuburg"]

1. e4 e5 2. Nf3 Nc6 3. Bc4 Bc5 4. c3 Nf6 5. d3 Bb6 6. Nbd2 d5 7. exd5 Nxd5 8.
O-O O-O 9. Ne4 Bf5 10. Ng3 Be6 11. Re1 Qd6 12. Qe2 Nf6 13. Bxe6 Qxe6 14. Ng5
Qd5 15. N3e4 Nxe4 16. Qxe4 Qxe4 17. Nxe4 Rfe8 18. Be3 Bxe3 19. fxe3 Re7 20. Rf1
Rf8 21. Rf3 f5 22. Raf1 g6 23. Ng5 h6 24. Nh3 Rf6 25. Nf2 h5 26. Ne4 Rfe6 27.
Ng5 Rd6 28. e4 f4 29. g3 fxg3 30. Rxg3 Rd8 31. Rf6 Kg7 32. Rgf3 Rde8 33. h4 Nd8
34. Rf2 Ne6 35. Rf7+ Rxf7 36. Rxf7+ Kg8 37. Nxe6 Rxe6 38. Rxc7 Rd6 39. Rxb7
Rxd3 40. Rb5 Rh3 41. Rxe5 Rxh4 42. Kg2 Kf7 43. Kf3 Kf6 44. Rb5 g5 45. c4 Rh3+
46. Kf2 g4 47. Rf5+ Ke6 48. c5 Rh2+ 49. Kg3 Re2 50. Rxh5 Rxe4 51. Rh6+ Kf5 52.
c6 Re6 53. Rxe6 Kxe6 54. b4 a6 55. a4 Kd6 56. b5 axb5 57. axb5 Kc7 58. Kxg4 Kb6
59. Kf5 Kc7 60. Ke6 Kd8 61. Kd6 Kc8 62. c7 Kb7 63. Kd7 Ka7 64. c8=Q Kb6 65.
Qa6+ Kc5 66. Qd6+ Kxb5 67. Qd4 Ka5 68. Kc6 Ka6 69. Qa4# 1-0

[Event "BayJEM19 - U12w"]
[Site "?"]
[Date "2019.04.26"]
[Round "7.2"]
[White "Reich, Elisabeth"]
[Black "Kallipke, Felizitas Birgit"]
[Result "1-0"]
[WhiteElo "1206"]
[BlackElo "952"]
[PlyCount "67"]
[EventDate "2019.??.??"]
[WhiteTeam "ATSV Oberkotzau"]
[BlackTeam "SC Uttenreuth"]

1. Nf3 Nc6 2. g3 e5 3. d3 Bc5 4. Bg2 d6 5. O-O Nf6 6. Nbd2 O-O 7. e4 Bg4 8. h3
Be6 9. Re1 Nd4 10. Nxd4 Bxd4 11. Nf3 c5 12. Nxd4 cxd4 13. a3 h6 14. Bd2 d5 15.
exd5 Bxd5 16. Rxe5 Bxg2 17. Kxg2 Qd6 18. Re2 Qd5+ 19. Kh2 Qf3 20. Kg1 Qh5 21.
h4 Ng4 22. Re4 f5 23. Rxd4 Rac8 24. Bc3 g6 25. Rd7 Rf7 26. Rxf7 Kxf7 27. Qf3
Rc7 28. Qd5+ Ke8 29. Qg8+ Ke7 30. Qg7+ Kd6 31. Qf8+ Kc6 32. Re1 f4 33. Re6+ Kb5
34. Qb4# 1-0

[Event "BayJEM19 - U12w"]
[Site "?"]
[Date "2019.04.26"]
[Round "7.3"]
[White "Ding, Tina"]
[Black "Loos, Violeta"]
[Result "1-0"]
[WhiteElo "1157"]
[BlackElo "1111"]
[PlyCount "161"]
[EventDate "2019.??.??"]
[WhiteTeam "SC Kempten"]
[BlackTeam "Post Regensburg"]

1. d4 d5 2. Nf3 Nc6 3. g3 Bf5 4. a3 e6 5. Bg2 Be7 6. O-O Nf6 7. Bf4 O-O 8. Nbd2
Re8 9. c4 h6 10. cxd5 exd5 11. Rc1 Qd7 12. Ne5 Nxe5 13. Bxe5 Rac8 14. Nb3 b6
15. e3 Ne4 16. Nd2 Nxd2 17. Qxd2 f6 18. Bxc7 Rxc7 19. Rxc7 Qxc7 20. Bxd5+ Kh8
21. Rc1 Qd7 22. Bc6 Qd8 23. Bxe8 Qxe8 24. Rc7 a5 25. Qc3 Bd6 26. Rc6 Bf8 27.
Rxb6 Qh5 28. Qc6 Bh3 29. f3 Qf5 30. Kf2 Qd3 31. Qc1 Kh7 32. Rc6 Qf5 33. e4 Qh5
34. d5 g5 35. Rc7+ Kg8 36. Qc6 Bg7 37. Qa8+ Kh7 38. d6 g4 39. f4 Qb5 40. f5
Qxb2+ 41. Ke3 Qb6+ 42. Ke2 Qxd6 43. Qxa5 Qd4 44. Qd5 Qb2+ 45. Kd1 Bf1 46. Qf7
Qe2+ 47. Kc1 Qe3+ 48. Kb2 Qg5 49. Rd7 Bg2 50. Rd8 h5 51. h4 Qe3 52. Qxh5+ Qh6
53. Qxg4 Bf1 54. Qd1 Bc4 55. Kc3 Bg8 56. Qe1 Kh8 57. g4 Qf4 58. Qg1 Qxe4 59.
Kd2 Qe5 60. a4 Qa5+ 61. Ke3 Qb6+ 62. Rd4 Bf8 63. Kd3 Bc5 64. g5 fxg5 65. hxg5
Bxd4 66. Qxd4+ Qxd4+ 67. Kxd4 Kg7 68. a5 Bf7 69. a6 Be8 70. Kc5 Bh5 71. Kd6 Kf7
72. Ke5 Kg7 73. Ke6 Kf8 74. Kf6 Kg8 75. Ke7 Kg7 76. f6+ Kg8 77. a7 Bg6 78.
a8=Q+ Kh7 79. Qh1+ Kg8 80. Qh6 Bh7 81. Qg7# 1-0

[Event "BayJEM19 - U12w"]
[Site "?"]
[Date "2019.04.26"]
[Round "7.4"]
[White "Heinze, Vanessa"]
[Black "Anaparthi, Aditi"]
[Result "1-0"]
[WhiteElo "1002"]
[BlackElo "909"]
[PlyCount "123"]
[EventDate "2019.??.??"]
[WhiteTeam "SC Ammersee"]
[BlackTeam "SC Garching"]

1. d4 d5 2. c4 c5 3. Nc3 dxc4 4. dxc5 Nc6 5. Bf4 Bf5 6. e3 e6 7. Bxc4 Bxc5 8.
Qxd8+ Rxd8 9. Rd1 Rxd1+ 10. Nxd1 Nf6 11. Nc3 O-O 12. Nf3 a6 13. O-O b5 14. Be2
b4 15. Nb1 a5 16. Nbd2 a4 17. Bb5 Na7 18. Bxa4 Bd3 19. Rc1 Rc8 20. Ne5 Bf5 21.
Rc4 Rd8 22. Rxc5 Rxd2 23. Rc7 Rxb2 24. h3 Rb1+ 25. Kh2 h6 26. Rxa7 Ne4 27. Bc2
Re1 28. Bxe4 Bxe4 29. Rxf7 Re2 30. f3 Bd5 31. Rc7 Bxa2 32. Nd3 Bd5 33. Nxb4
Bxf3 34. Rc8+ Kh7 35. Rc2 Re1 36. gxf3 Rf1 37. Kg2 Rb1 38. Nd3 Rb5 39. e4 g5
40. Bh2 Rb7 41. Rc7+ Rxc7 42. Bxc7 Kg6 43. Kg3 h5 44. Bd8 h4+ 45. Kg4 e5 46.
Bxg5 Kg7 47. Bxh4 Kf7 48. Nxe5+ Ke6 49. f4 Kd6 50. Bg5 Ke6 51. h4 Kd6 52. h5
Kc5 53. h6 Kd4 54. h7 Kxe4 55. h8=Q Ke3 56. Nd3 Kxd3 57. Qe5 Kd2 58. f5+ Kd3
59. Qf4 Ke2 60. Qd2+ Kf1 61. Kg3 Kg1 62. Qg2# 1-0